00451 2200181 4500001002100000005001500021008004100036020002200077035001900099041000600118082000800124090001400132100002100146245003000167260002600197300003300223650001300256INLIS00000000000288120241224112622241224||||||||| | ||| |||| ||  a978-979-709-503-1 0010-1224002881 a00 a923 a923 ASV k0 aAsvi Warman Adam00aKisah Istimewa Bung Karno aJakartabKompasc2010 axxii, 322 hlm.; ilus.: 21 cm 0aBiografi